| 000 | 00715nam a22002177a 4500 | ||
|---|---|---|---|
| 999 |
_c14890 _d14890 |
||
| 003 | AR-CdUCM | ||
| 008 | 190425b ||||| |||| 00| 0 spa d | ||
| 020 | _a978-607-618-005-1 | ||
| 040 |
_aMUNICIPALIDAD PROVINCIAL DEL CUSCO _cBIBLIOTECA MUNICIPAL DEL CUSCO |
||
| 082 |
_aPI / 808.06 / _bD82 |
||
| 110 |
_aDisney Enterprises _933259 |
||
| 245 |
_aTesoro de cuento : _bEdición de lujo / |
||
| 260 |
_aMéxico : _bAdvanced marketing, _c2013. |
||
| 300 |
_a605 páginas ; _c23 cm. _bIlustraciones, |
||
| 650 |
_aCuento _94671 |
||
| 650 |
_aLiteratura infantil _9588 |
||
| 650 |
_aInfancia _95236 |
||
| 700 |
_aCaballero del Moral, Samantha (Traducción) _933101 |
||
| 942 |
_2ddc _cLIBROS |
||
| 945 |
_arah _d25/04/2019 |
||